000 01566nam a2200385Ia 4500
001 ebr10138715
003 CaPaEBR
006 m u
007 cr cn|||||||||
008 060801s2006 ne a sb 001 0 eng d
020 _z0750668547 (hbk.)
020 _z0080461786
024 3 _z9780750668545
040 _aCaPaEBR
_cCaPaEBR
035 _a(OCoLC)213298552
050 1 4 _aHG4028.V3
_bC838 2006eb
100 1 _aCostantini, Pascal.
245 1 0 _aCash return on capital invested
_h[electronic resource] :
_bten years of investment analysis with the CROCI economic profit model /
_cPascal Costantini.
246 3 _aTen years of investment analysis with the CROCI economic profit model
246 3 _aInvestment analysis with the CROCI economic profit model
246 3 _aCROCI economic profit model
250 _a1st ed.
260 _aAmsterdam ;
_aBoston, MA :
_bButterworth-Heinemann,
_cc2006.
300 _axiv, 230 p. :
_bill.
500 _a"Elsevier finance"--jacket.
504 _aIncludes bibliographical references and index.
533 _aElectronic reproduction.
_bPalo Alto, Calif. :
_cebrary,
_d2009.
_nAvailable via World Wide Web.
_nAccess may be limited to ebrary affiliated libraries.
650 0 _aCorporations
_xValuation.
650 0 _aCorporations
_xFinance.
650 0 _aCash flow.
650 0 _aCash management.
655 7 _aElectronic books.
_2local
710 2 _aebrary, Inc.
856 4 0 _uhttp://site.ebrary.com/lib/rucke/Doc?id=10138715
_zAn electronic book accessible through the World Wide Web; click to view
999 _c185437
_d185437